| Tag |
First Indicator |
Second Indicator |
Subfields |
| LEADER |
00000uam a2200000 a 4500 |
| 001 |
in00004100347 |
| 005 |
20260128222547.5 |
| 006 |
m o d |
| 007 |
cr cn |
| 008 |
010719s2019 xx o eng |
| 020 |
|
|
|z 9780134865867
|
| 020 |
|
|
|z 9781509306978
|
| 035 |
|
|
|a (CaSebORM)9780134865867
|
| 040 |
|
|
|d UtOrBLW
|
| 041 |
0 |
|
|a eng
|
| 100 |
1 |
|
|a Ferrari, Alberto,
|e author.
|0 http://id.loc.gov/authorities/names/n88021396
|
| 245 |
1 |
0 |
|a Definitive Guide to DAX, The :
|b Business intelligence for Microsoft Power BI, SQL Server Analysis Services, and Excel, 2nd Edition /
|c Ferrari, Alberto.
|
| 250 |
|
|
|a 1st edition.
|
| 264 |
|
1 |
|b Microsoft Press,
|c 2019.
|
| 300 |
|
|
|a 1 online resource (768 pages)
|
| 336 |
|
|
|a text
|b txt
|2 rdacontent
|
| 337 |
|
|
|a computer
|b c
|2 rdamedia
|
| 338 |
|
|
|a online resource
|b cr
|2 rdacarrier
|
| 347 |
|
|
|a text file
|
| 520 |
|
|
|a Now expanded and updated with modern best practices, this is the most complete guide to Microsoft's DAX language for business intelligence, data modeling, and analytics. Expert Microsoft BI consultants Marco Russo and Alberto Ferrari help you master everything from table functions through advanced code and model optimization. You'll learn exactly what happens under the hood when you run a DAX expression, and use this knowledge to write fast, robust code. This edition focuses on examples you can build and run with the free Power BI Desktop, and helps you make the most of the powerful syntax of variables (VAR) in Power BI, Excel, or Analysis Services. Want to leverage all of DAX's remarkable capabilities? This no-compromise "deep dive" is exactly what you need. Perform powerful data analysis with DAX for Power BI, SQL Server, and Excel · Master core DAX concepts, including calculated columns, measures, and calculation groups · Work efficiently with basic and advanced table functions · Understand evaluation contexts and the CALCULATE and CALCULATETABLE functions · Perform time-based calculations · Use calculation groups and calculation items · Use syntax of variables (VAR) to write more readable, maintainable code · Express diverse and unusual relationships with DAX, including many-to-many relationships and bidirectional filters · Master advanced optimization techniques, and improve performance in aggregations · Optimize data models to achieve better compression · Measure DAX query performance with DAX Studio and learn how to optimize your DAX
|
| 533 |
|
|
|a Electronic reproduction.
|b Boston, MA :
|c Safari,
|n Available via World Wide Web.
|
| 538 |
|
|
|a Mode of access: World Wide Web.
|
| 542 |
|
|
|f Copyright © Microsoft Press
|
| 588 |
|
|
|a Online resource; Title from title page (viewed August 1, 2019)
|
| 500 |
|
|
|a Electronic resource.
|
| 655 |
|
7 |
|a Electronic books.
|2 local
|
| 700 |
1 |
|
|a Russo, Marco,
|e author.
|0 http://id.loc.gov/authorities/names/nb2001033478
|
| 710 |
2 |
|
|a Safari, an O'Reilly Media Company.
|
| 856 |
4 |
0 |
|u https://proxy.library.tamu.edu/login?url=https://go.oreilly.com/TAMU/library/view/-/9780134865867/?ar
|z Connect to this electronic resource
|t 0
|
| 999 |
f |
f |
|s a70072b8-7d5c-31d4-aa89-3399906e470e
|i da032a03-665f-3c96-ad5b-482fc2817348
|t 0
|
| 952 |
f |
f |
|a Texas A&M University
|b College Station
|c Electronic Resources
|s www_evans
|d Available Online
|t 0
|h No information provided
|
| 998 |
f |
f |
|t 0
|l Available Online
|